|
|
|
|
| LEADER |
00995nam a2200241 a 4500 |
| 001 |
11509215 |
| 008 |
091231s2002 bg ar 0 0eng d |
| 010 |
|
|
|a 99935324
|
| 020 |
|
|
|a 98432037776
|
| 040 |
|
|
|a DLC
|c DLC
|d NNC
|d MH
|d DLC
|d NcU
|d DLC
|d BD-DhAAL
|
| 082 |
0 |
0 |
|a 323/.095492/05
|2 21
|
| 245 |
0 |
0 |
|a Human rights in Bangladesh 2001 /
|c Editor, Hameeda Hossain.
|
| 260 |
|
|
|a Dhaka, Bangladesh :
|b Ain o Salish Kendra.,
|c 2002
|
| 300 |
|
|
|a ix, 254 p. :
|b map ;
|c 22 cm.
|
| 310 |
|
|
|a Annual
|
| 504 |
|
|
|a Includes bibliogrpahical references.
|
| 541 |
1 |
|
|e 00013645
|
| 650 |
|
0 |
|a Human rights
|z Bangladesh
|v Periodicals.
|
| 650 |
|
0 |
|a Civil rights
|z Bangladesh
|v Periodicals.
|
| 710 |
2 |
|
|a Āina Sāliśa Kendra (Dhaka, Bangladesh)
|
| 852 |
4 |
|
|a Ayesha Abed Library
|j General shelf
|
| 999 |
|
|
|c 6636
|d 6636
|
| 952 |
|
|
|0 0
|1 0
|2 ddc
|4 0
|6 323_095492050000000_HUM
|7 0
|9 6802
|a BRACUL
|b BRACUL
|c GEN
|d 2010-01-03
|l 2
|m 3
|o 323.09549205 HUM
|p 3010013645
|r 2025-09-24
|s 2025-09-13
|t 1
|w 2010-01-03
|y BK
|x Price not available in Register
|